Signes astrologiques associés à leurs symboles - Statistiques

Statistiques générales
  • Ce quiz a été pris 87 fois
  • Le résultat moyen est 8 sur 12
Statistiques - réponses
Hint Réponse % Correct
Bélier Un bélier
95%
Balance Une balance
91%
Lion Un lion
90%
Scorpion Un scorpion
90%
Poisson Un poisson
88%
Cancer Un crabe
79%
Taureau Un taureau
58%
Gémeaux Des jumeaux
54%
Sagittaire Un centaure ailé tirant à l'arc
46%
Vierge Une femme
45%
Capricorne Un bouc
23%
Verseau Ganymède/Un échanson des dieux
4%
Aucun quiz correspondant
Distribution des résultats
% des personnes avec chaque résultat
Percentile par nombre de réponses
Votre historique - résultats
Vous n’avez pas pris ce quiz